Qué fácil es volar /
Guardado en:
| Autor Principal: | |
|---|---|
| Formato: | Libro |
| Publicado: |
Buenos Aires :
Colihue,
2013
|
| Series: | Libros del malabarista / Gustavo Roldán
|
| Materias: | |
| Etiquetas: |
Agregar Etiqueta
Sin Etiquetas, Sea el primero en etiquetar este registro!
|
| LEADER | 00715nam a22002415a 4500 | ||
|---|---|---|---|
| 001 | CEM.cems015449 | ||
| 005 | 20191206160613.0 | ||
| 008 | 130507s2013##################000#0#####d | ||
| 003 | CEMS | ||
| 020 | |a 9789876849296 | ||
| 082 | 0 | 4 | |a 861.4 |
| 100 | 1 | |a Machado, Antonio | |
| 245 | 1 | 0 | |a Qué fácil es volar / |c Antonio Machado |
| 260 | |a Buenos Aires : |b Colihue, |c 2013 | ||
| 300 | |a 72 p. | ||
| 490 | 0 | |a Libros del malabarista / Gustavo Roldán | |
| 653 | |a Literatura | ||
| 653 | |a Literatura española | ||
| 653 | |a Literatura infantil | ||
| 653 | |a Poesía | ||
| 653 | |a Poesía infantil | ||
| 653 | |a Colección ciencias de la educación | ||
| 859 | |a CEMS |b BIB. CEMS - Ccias. Educacion |h 861.4 |i M180-5 |k CE |p 28919.19 |t Ej.1 | ||
